Entry Nombre personal
001 - NÚMERO DE CONTROL
- campo de control: 235004
003 - IDENTIFICADOR DE NÚMERO DE CONTROL
- campo de control: SpMaBN
005 - FECHA Y HORA DE LA ÚLTIMA TRANSACCIÓN
- campo de control: 20240131204929.0
008 - ELEMENTOS DE DATO DE LONGITUD-FIJA
- campo de control de longitud fija: 080688nn aijnnaabn a aaa
016 ## - NÚMERO DE CONTROL DE UNA AGENCIA BIBLIOGRÁFICA NACIONAL
- Número de control del registro: BNE19922748258
024 7# - IDENTIFICADOR DE OTROS ESTÁNDARES
- Número estándar o código: http://viaf.org/viaf/26701717/
- Fuente: viaf
024 7# - IDENTIFICADOR DE OTROS ESTÁNDARES
- Número estándar o código: https://isni.org/isni/0000000059423391
- Fuente: isni
024 7# - IDENTIFICADOR DE OTROS ESTÁNDARES
- Número estándar o código: http://www.wikidata.org/entity/Q21391013
- Fuente: wikidata
040 ## - FUENTE DE CATALOGACIÓN
- Centro catalogador/agencia de origen: SpMaBN
- Lengua de catalogación: spa
- Centro/agencia transcriptor: SpMaBN
- Normas de descripción: rdc
- Convención/Normas de encabezamiento de materia/tesauro: embne
046 ## - FECHAS CON CODIFICACIÓN ESPECIAL
- Fecha de nacimiento: 1954
100 1# - ENCABEZAMIENTO-NOMBRE DE PERSONA
- Nombre de persona: Viejo Montesinos, José Luis,
- Fechas asociadas al nombre: 1954-
373 ## - GRUPO ASOCIADO
- Grupo asociado: Ateneo de Madrid
- Período de inicio: 1984
- Fuente de información: Censo mensual de socios 2023
375 ## - GÉNERO/SEXO
- Género: Masculino
400 1# - TRAZADO DE VÉASE--NOMBRE DE PERSONA
- Nombre de persona: Viejo, José Luis,
- Fechas asociadas al nombre: 1954-
670 ## - FUENTE DE DATOS ENCONTRADOS
- Cita de la fuente: Las mariposas de la depresión del Tajo, 1983
- Información encontrada: port. (José Luis Viejo Montesinos)
670 ## - FUENTE DE DATOS ENCONTRADOS
- Cita de la fuente: Biodiversidad, 2011
- Información encontrada: port. (ed., José Luis Viejo Montesinos)
670 ## - FUENTE DE DATOS ENCONTRADOS
- Cita de la fuente: Distribución ecológica de los ropaloceros (lepidoptera) de Aranjuez, 1977
- Información encontrada: port. (José Luis Viejo)
670 ## - FUENTE DE DATOS ENCONTRADOS
- Cita de la fuente: Gilda y la cabeza del teniente Padilla, 2018
- Información encontrada: port. (José Luis Viejo Montesinos) solapa (n. en Puertollano, Ciudad Real, en 1954; doctor en Biología; catedrático de Zoología en la Universidad Autónoma de Madrid, entomólogo, escritor de narrativa)
678 ## - DATOS BIOGRÁFICOS O HISTÓRICOS
- Datos biográficos o históricos: Socio del Ateneo de Madrid n. 21879; ingresó el 3/4/1984
- Ampliación de la nota: Fuente: Censo mensual de socios 2023
